01539nam a2200361 a 4500001001000000003000500010005001700015008004100032010001100073011001100084040000900095090001000104100003600114245017300150260004100323500006000364502009700424590004000521590004000561590004000601650002900641650003200670650002300702650003300725650003100758856007000789901000700859942001000866942000600876999001900882952014000901952013601041000112284CHAP20220329144255.0160121s2015 mx sm |||||||spa d a108745 a109717 cCHAP aTesis1 aGómez López, Ariste913050310aEfecto de bioaceites esenciales en el control de Moniliophthora roreri (Cif & Par) Evans causante de la moniliasis del cacao/h[En línea]cpor Ariste Gómez López. aChapingo, Méx. :bEl autor,c2015. aPara ver el contenido del material haga clic en la liga aTesis (Ing. Agr. Esp. en Zonas Tropicales) -- UACH. Unidad Regional Universitaria Sursureste aE5995AHEb05c20160121lUCH01h1343 aE5995AHEb05c20160121lUCH01h1343 aE5995AHEb10c20160121lUCH01h133614aAceites esenciales.945514aCacaoxEnfermedades.91694114aFungicidas.94404414aMoniliopthora roreri.97752414aPlantas tropicales.989088 aFinding aiduhttp://10.13.5.2/tesis/sist112284.pdfzTeclea aquí aBK cTESIS n0 c108745d108745 00102local4053708TESISaBCbBCcPA_TESISd2016-01-21fTESISl0oTesisp33724002517082r2019-12-31 00:00:00tc.2w2019-12-31yTESIS 00104054718TESISaBCbBCd2016-01-21fTESISl0oTesisp33724002517124r2019-12-31 00:00:00w2019-12-31yTESISzRecien adquirido